| 000 | 01526nam a22003137a 4500 | ||
|---|---|---|---|
| 003 | BLK | ||
| 005 | 20240623004119.0 | ||
| 008 | 210301b bu ||||| |||| 00| 0 bu d | ||
| 020 | _a9789540916828 | ||
| 040 | _aBLK | ||
| 041 |
_aBUL _cBUL |
||
| 080 |
_aБългарска литература(изследвания) _b821.163.2.09 _x(092) _z821.163.2.09(092) |
||
| 080 |
_aДжендо Стоянов Джедев Далакчиев. Български революционер, политик и писател _b929 Стоянов, Захарий _z929 Стоянов, Захари |
||
| 100 |
_9252323 _aКотев, Любомир Стойне |
||
| 245 |
_aЗаписки върху Записките _bКн. 1 - _cЛюбомир Котев _nКн. 3. _pЗатвори или българщината |
||
| 257 | _aBGR | ||
| 260 |
_9209473 _aСофия _bЗахарий Стоянов _c2023 _n978-954-739- ; 978-954-09- ; 954-9559- |
||
| 300 |
_a487 с. _c21 см |
||
| 380 | _a82 | ||
| 600 | 0 |
_aСтоянов, Захарий _gСтоянов, Захари _d1850-1889 _qДжедев, Джендо Стоянов _9364101 |
|
| 650 | 0 |
_9262282 _aЛитературознание, българско |
|
| 650 | 0 |
_aПисатели, български _9241944 |
|
| 852 |
_aЦб 321157 _bЦб |
||
| 856 |
_i0.00 _ldisable |
||
| 942 |
_cKNG _n0 _s1 |
||
| 944 |
_aCR _c2023-05-02 _lCRON CRON _k |
||
| 944 |
_aED _c2023-07-26 _kГГГ |
||
| 999 |
_c490729 _d490729 |
||